| 000 -LEADER |
| fixed length control field |
00470nam a2200157 4500 |
| 008 - FIXED-LENGTH DATA ELEMENTS--GENERAL INFORMATION |
| fixed length control field |
210113b ||||| |||| 00| 0 eng d |
| 020 ## - INTERNATIONAL STANDARD BOOK NUMBER |
| International Standard Book Number |
8120308484 |
| 082 00 - DEWEY DECIMAL CLASSIFICATION NUMBER |
| Classification number |
004.1 |
| Item number |
R138 |
| 100 ## - MAIN ENTRY--PERSONAL NAME |
| 9 (RLIN) |
4141 |
| Personal name |
Rafiquzzaman, M. |
| 245 10 - TITLE STATEMENT |
| Title |
Microprocessors : theory and applications (Intel and Motorola) / |
| 250 ## - EDITION STATEMENT |
| Edition statement |
rev. ed. |
| 260 ## - PUBLICATION, DISTRIBUTION, ETC. (IMPRINT) |
| Place of publication, distribution, etc |
New Delhi |
| Name of publisher, distributor, etc |
Prentice hall of India, |
| Date of publication, distribution, etc |
1993. |
| 300 ## - PHYSICAL DESCRIPTION |
| Extent |
ix, 468 p. |
| 650 #0 - SUBJECT ADDED ENTRY--TOPICAL TERM |
| Topical term or geographic name as entry element |
Microprocessors |
| 942 ## - ADDED ENTRY ELEMENTS (KOHA) |
| Source of classification or shelving scheme |
|
| Item type |
Books |